| Поле | Название | Значение |
| |
Тип записи |
a |
| |
Библиографический уровень |
m |
| 001 |
Контрольный номер |
RU\NLR\bibl\2007164 |
| 005 |
Дата корректировки |
20240410121220.5 |
| 010 |
Индекс ISBN |
__ |
| a |
ISBN |
978-5-00007-002-4 (в пер.) |
| d |
Цена |
440-00 |
| 021 |
№ государственной регистрации |
__ |
| b |
№ документа |
2013-10189 |
| b |
№ документа |
733 |
| 100 |
Данные общей обработки |
__ |
| a |
Данные общей обработки |
19150219d2013||||||| 0rusy0189 ca |
| 101 |
Язык документа |
0_ |
| a |
Язык текста |
rus |
| 102 |
Страна публикации |
__ |
| a |
Страна публикации |
ru |
| 105 |
Кодированные данные (монография) |
__ |
| a |
Кодированные данные (монография) |
ao||#||||||zy |
| 200 |
Заглавие и сведения об ответственности |
1_ |
| a |
Заглавие |
Олимпийский марафон |
| e |
Сведения, относящиеся к заглавию |
история Олимпийских игр в вопросах и ответах : [6+] |
| f |
Первые сведения об ответственности |
Г. Т. Питерских |
| b |
Общее обозначение материала |
Текст |
| 205 |
Сведения об издании |
__ |
| a |
Основные сведения об издании |
2-е изд. |
| 210 |
Выходные данные |
__ |
| a |
Место издания |
Москва |
| c |
Издательство |
Русское слово |
| d |
Дата издания |
2013 |
| 215 |
Физическое описание |
__ |
| a |
Объем |
212, [2] с. |
| c |
Иллюстрации/тип воспроизводства |
ил., фот., цв. ил., карт. |
| d |
Формат |
23 см |
| 300 |
Общие примечания |
__ |
| a |
Общие примечания |
2000 экз. |
| 320 |
Библиография |
__ |
| a |
Библиография |
Библиогр.: с. 184-186 (53 назв.) |
| 330 |
Аннотация |
__ |
| a |
Аннотация |
Книга предназначена для учащихся общеобразовательных учреждений, интересующихся олимпийской культурой и историей Олимпийских игр. Она поможет расширить информацию по олимпийскому движению, а также будет способствовать формированию олимпийской культуры и здорового образа жизни. |
| 333 |
Примечание о целевом назначении |
__ |
| a |
Примечание о целевом назначении |
6+. Для детей старше шести лет |
| 606 |
Тематические рубрики |
__ |
| a |
Основная рубрика |
Физическая культура и спорт |
| 606 |
Тематические рубрики |
__ |
| a |
Основная рубрика |
Организация физической культуры и спорта |
| y |
Географическая подрубрика |
Греция |
| y |
Географическая подрубрика |
Древняя Греция |
| y |
Географическая подрубрика |
Олимпия |
| y |
Географическая подрубрика |
Парфенон |
| y |
Географическая подрубрика |
Эллада |
| 610 |
Ключевые слова |
__ |
| a |
Ключевые слова |
античность |
| a |
Ключевые слова |
античные олимпиады |
| a |
Ключевые слова |
афоризмы |
| a |
Ключевые слова |
интеллектуальные игры |
| a |
Ключевые слова |
история олимпизма |
| a |
Ключевые слова |
история олимпийских игр |
| a |
Ключевые слова |
кроссворды |
| a |
Ключевые слова |
крылатые выражения |
| a |
Ключевые слова |
олимпиады |
| a |
Ключевые слова |
олимпийская культура |
| a |
Ключевые слова |
олимпийская символика |
| a |
Ключевые слова |
олимпийские виды спорта |
| a |
Ключевые слова |
олимпийские игры |
| a |
Ключевые слова |
олимпийские медали |
| a |
Ключевые слова |
олимпийские награды |
| a |
Ключевые слова |
олимпийское движение |
| a |
Ключевые слова |
олимпийцы |
| a |
Ключевые слова |
персоналии |
| a |
Ключевые слова |
рекордсмены |
| a |
Ключевые слова |
спортивные игры |
| a |
Ключевые слова |
спортивные соревнования |
| a |
Ключевые слова |
спортивные состязания |
| a |
Ключевые слова |
спортсмены |
| a |
Ключевые слова |
тема олимпийских игр |
| a |
Ключевые слова |
тема соревнований |
| a |
Ключевые слова |
традиционные спортивные состязания |
| a |
Ключевые слова |
цитаты |
| a |
Ключевые слова |
чайнворды |
| 686 |
Индексы других классификаций |
__ |
| 2 |
Код системы |
rubbks |
| a |
Классификационный индекс |
75.491.0г; ст75.4г |
| 700 |
Автор |
_1 |
| a |
Фамилия |
Питерских |
| b |
Имя |
Г. Т. |
| g |
Полное личное имя |
Галина Тимофеевна |
| 4 |
Код отношения |
070 |
| 801 |
Источник записи |
_0 |
| a |
Страна |
ru |
| b |
Организация |
Муниципальное бюджетное учреждение культуры "Централизованная библиотечная система" г. Сургут (Центральная городская библиотека им. А. С. Пушкина) |
| c |
Дата составления |
20150219 |
| g |
Правила каталогизации |
КиК/Лукашук |
| 801 |
Источник записи |
_1 |
| a |
Страна |
ru |
| b |
Организация |
Муниципальное бюджетное учреждение культуры "Централизованная библиотечная система" г. Сургут (Центральная городская библиотека им. А. С. Пушкина) |
| c |
Дата составления |
20150219 |
| g |
Правила каталогизации |
КиК/Лукашук |
| 852 |
Данные о местонахождении |
__ |
| j |
Шифр хранения |
75.491.0г |
| i |
Авторский знак |
П 35 |
| 901 |
Тип документа |
__ |
| t |
Тип документа |
m |
| 903 |
Характеристики (МАРС) |
__ |
| a |
Дата передачи |
20150219 |
| 990 |
Данные о заказе (DOS) |
__ |
| j |
Количество экземпляров (DOS) |
13 |
| t |
N записи в КСУ для И/У (DOS) |
201503 |